000 00669nam a2200205 a 4500
999 _c3083
_d3083
001 3083
003 BD-JhCC
005 20171109194110.0
008 171109s1984 bg ||||| |||| 000 0 ben d
035 _a(BD-JhCC)
040 _aBD-JhCC
_dBD-JhCC
041 _aben
082 _a891.442
_bKAF 1984
100 _aকাফকা, ফ্রানংয
245 _aকাঠগড়া /
_cফ্রানংয কাফকা ; রশীদ হায়দার (অনুবাদ)
260 _aঢাকা:
_bবাংলা একাডেমী ;
_c১৯৮৪
300 _a৭৬ পৃ.;
_c২২ সেমি
650 _aBengali Drama
942 _2ddc
_cBK